Quizzes
Events
Quiz Creation
Community
Videos
Private Events
Remove Ads
Sign In
Join for FREE
Feedback
Dark Mode
Quiz Categories
Sports
Geography
Music
Movies
Television
Just For Fun
Miscellaneous
History
Literature
Language
Science
Gaming
Entertainment
Religion
Holiday
For Kids
Quiz Lab
Recent
Popular Today
Quiz Kudos Today
Editor Picks
Curator Picks
Quizzes by...
Day
Popularity
Type
Ratings
Length
Year
Community
Subscriptions
Recent Discussions
Orange Saloon
Badges
Playlists
Quests
Create
Leaderboards
Showdown
Live 5
Trivia Bingo
Activity
Puzzle Library
Sporcle Events
Private Events
Virtual Trivia
Globe League
Become a Host
Pub Owners
SporcleCon
Opinionation
Our Games
Videos
Blog
Mobile Apps
Partnerships
Remove Ads and Go Orange
Feedback
Language
Vocabulary
Begins and Ends
Definition
Spanish
French
German
Italian
Chinese
Latin
Translation
Japanese
Language
Vocabulary
Begins and Ends
Definition
Spanish
French
German
Italian
Chinese
Latin
Translation
Japanese
Random Quiz
Search Sporcle
×
Quiz Lab
Quiz Lab
Language
Spanish
Type in answers that appear in a list
Type in answers that appear in a list
Classic
Best Score? Go Orange.
Conjugate Spanish -er verb: APRENDER Stats
Can you name the Conjugation of the regular Spanish -er verb: APRENDER?
By
jussica
8m
61 Questions
35 Plays
35 Plays
35 Plays
Comments
Comments
Give Quiz Kudos
Give Quiz Kudos
-
- Ratings
hide this ad
Replay
Link that replays current quiz
Next Quiz
Link to next quiz in quiz playlist
You Got
0%
They Got
Avg Score
28%
Avg Friend Score
Upgrade to see
Score Distribution
Jump to the score distribution portion of the page
Score
0/61
Timer
08:00
0
Plays Today
Subject
Conjugation: Aprender
% Correct
él/
ella/
usted
aprende
97.1%
yo
aprendo
94.3%
tú
aprendes
94.3%
nosotros
aprendemos
91.4%
ellos/
ellas/
ustedes
aprenden
80%
yo
aprenda
51.4%
él/
ella/
usted
aprenda
51.4%
nosotros
aprendimos
37.1%
tú
aprendiste
34.3%
tú
aprendas
34.3%
nosotros
aprendamos
34.3%
vosotros
aprendéis
31.4%
ellos/
ellas/
ustedes
aprendieron
31.4%
ellos/
ellas/
ustedes
aprendan
25.7%
vosotros
aprendisteis
25.7%
aprendiendo
25.7%
ellos/
ellas/
ustedes
aprendían
22.9%
ellos/
ellas/
ustedes
han aprendido
22.9%
yo
aprendía
22.9%
yo
aprendí
22.9%
yo
he aprendido
22.9%
yo
había aprendido
22.9%
tú
aprendías
22.9%
tú
has aprendido
22.9%
tú
habías aprendido
22.9%
él/
ella/
usted
aprendía
22.9%
él/
ella/
usted
ha aprendido
22.9%
él/
ella/
usted
había aprendido
22.9%
nosotros
aprendíamos
22.9%
nosotros
hemos aprendido
22.9%
nosotros
aprenderemos
22.9%
Subject
Conjugation: Aprender
% Correct
nosotros
habíamos aprendido
22.9%
vosotros
aprendáis
22.9%
vosotros
aprendíais
22.9%
ellos/
ellas/
ustedes
aprenderían
20%
ellos/
ellas/
ustedes
aprenderán
20%
ellos/
ellas/
ustedes
habían aprendido
20%
ellos/
ellas/
ustedes
aprendieran
20%
yo
aprendería
20%
yo
aprenderé
20%
yo
aprendiera
20%
tú
aprenderías
20%
tú
aprenderás
20%
tú
aprendieras
20%
él/
ella/
usted
aprendió
20%
él/
ella/
usted
aprendería
20%
él/
ella/
usted
aprenderá
20%
él/
ella/
usted
aprendiera
20%
nosotros
aprenderíamos
20%
nosotros
aprendiéramos
20%
vosotros
aprendierais
20%
vosotros
habíais aprendido
20%
vosotros
aprenderéis
20%
vosotros
aprenderíais
20%
vosotros
habéis aprendido
20%
ellos/
ellas/
ustedes
hubieran aprendido
14.3%
yo
hubiera aprendido
14.3%
tú
hubieras aprendido
14.3%
él/
ella/
usted
hubiera aprendido
14.3%
nosotros
hubiéramos aprendido
14.3%
vosotros
hubierais aprendido
14.3%
Quiz Playlist
Details
Report
Send in Message
Add To Playlist
Classic:
Type in answers that appear in a list
Last Updated: Feb 16, 2017
Quiz Scoreboard
CHALLENGE
Sign Up to Join the Scoreboard
Show All
Scores
Hide
Comments
May contain spoilers
Recently Published
NBA Finals Game Top Scorers (2010s)
by flibbidy
Sports
5m
Guess the 'R' Things in 3 Words
by MSUKent
Miscellaneous
3m
Actor to Badly Drawn Movie III
by MoMosMoProblems
Movies
5m
More to Explore
Quiz From the Vault
Featured Blog Post
Where Does Lost Luggage Go?
hide this ad
You Might Also Like...
Tags
Spanish Quiz
conjugate
conjugation
regular
subject
tense
Verb
Today's Top Quizzes in Language
Browse Language
hide this ad
Today's Top Quizzes in Spanish
Browse Spanish
Top Contributed Quizzes in Language
1
Einsilbige Reime auf Chips
2
Linguistic Evolution! (V)
3
Trivia Jigsaw: Language
4
Guess the Word in 3 Words
5
One-Minute Crossword CCLVI
6
Here... Let me make up a word for that
7
1960s Slang
8
AP Lang. Literary Terms
9
One-Minute Crossword CCLV
10
Hiragana Speed Reading
Explore More
Trending Topics
Crossword
Marvel
Anime
Kpop
Disney
NBA
Harry Potter
WWE
Country
Song
Puzzle
NFL
Pokémon
Soccer
The Office
hide this ad
More By:
jussica
Quiz
Plays
Rating
Category
Featured
Created
Conjugate the verb: HACER
75
Language
May 20, 2012
Conjugate the verb: SER
67
5.00
Language
May 20, 2012
Conjugate Spanish -ar verb: TRABAJAR
65
Language
May 16, 2012
Conjugate Spanish -er verb: APRENDER
35
Language
May 18, 2012
Conjugate Spanish -ir verb: PERMITIR
19
Language
May 17, 2012
Go to Creator's Profile
Score Distribution
Quiz Creator Spotlight
jussica
Follow
Send a Message
Quizzes Created
-
Created Quiz Play Count
-
More By This Creator
Popular Quizzes Today
1
Find the US States - No Outlines Minefield
2
Find the US States
3
The Countries of the World
4
10 Largest US States in Order
5
Find the Countries of Europe - No Outlines Minefield
6
US States
7
Guess the 'R' Things in 3 Words
8
NBA Finals Game Top Scorers (2010s)
More Language Quizzes
November in Other Languages
Published
Trending Quizzes
First Name TV: Leading Men
First Name TV: Leading Women Drama
Match the Book to the Film II
3-Word Movies in 1 Word II
Match the Book to the Film VI
Recently Updated
Women's Final Four Teams by Year
bhenderson79
Presidents Quartet II
eogle
Anything But Clue(do)
eogle
Anything But Oceanian Capitals
eogle
Anything But 7
eogle
Anything But Thing
eogle
Word Ladder: February 29
pecheneg
Song Title Questions
pecheneg
Women's NCAA Tournament #1 Seeds
pecheneg
Celebrity Mug Shots
pecheneg
Trending Topics
Anime
Kpop
Disney
NBA
Crossword
Harry Potter
Marvel
Puzzle
NFL
Song
The Office
Pokémon
WWE
Country
Soccer
Your Account Isn't Verified!
In order to create a playlist on Sporcle, you need to verify the email address you used during registration. Go to your
Sporcle Settings
to finish the process.
Report this User
Report this user for behavior that violates our
Community Guidelines
.
Details:
Send Report
Go to the Sporcle.com Mobile Site →
Comments